<?xml version='1.0' encoding='UTF-8'?>
  <record xmlns="http://www.loc.gov/MARC21/slim">
    <leader>00000nem a2200000Mi 4500</leader>
    <controlfield tag="001">ocn980451336</controlfield>
    <controlfield tag="003">OCoLC</controlfield>
    <controlfield tag="005">20240127100239.6</controlfield>
    <controlfield tag="008">961227s1738    fr        a     0 z fre d</controlfield>
    <datafield tag="040" ind1=" " ind2=" ">
      <subfield code="a">QGJ</subfield>
      <subfield code="b">dut</subfield>
      <subfield code="c">QGJ</subfield>
      <subfield code="d">OCLCL</subfield>
    </datafield>
    <datafield tag="035" ind1=" " ind2=" ">
      <subfield code="a">(OCoLC)980451336</subfield>
    </datafield>
    <datafield tag="084" ind1=" " ind2=" ">
      <subfield code="a">74.19</subfield>
      <subfield code="2">bcl</subfield>
    </datafield>
    <datafield tag="245" ind1="0" ind2="0">
      <subfield code="a">Carte réduite de l'Océan-Occidental comprenant les costes d'Europe et d'Afrique depuis le 51 degré de latitude nord jusqu'à l'équateur et les costes d'Amérique opposées /</subfield>
      <subfield code="c">pour servir aux vaissaux du roy dressée au Dépost des cartes, plans et journ.x de la marine par ordre de Mgr. le Comte de Maurepas ; Dheulland sculp.</subfield>
    </datafield>
    <datafield tag="264" ind1=" " ind2="1">
      <subfield code="a">[Paris] :</subfield>
      <subfield code="b">Depôt des cartes, plans et journaux de la marine,</subfield>
      <subfield code="c">1738.</subfield>
    </datafield>
    <datafield tag="300" ind1=" " ind2=" ">
      <subfield code="a">1 krt ;</subfield>
      <subfield code="c">57 x 78 cm</subfield>
    </datafield>
    <datafield tag="336" ind1=" " ind2=" ">
      <subfield code="a">cartographic image</subfield>
      <subfield code="b">cri</subfield>
      <subfield code="2">rdacontent</subfield>
    </datafield>
    <datafield tag="337" ind1=" " ind2=" ">
      <subfield code="a">unmediated</subfield>
      <subfield code="b">n</subfield>
      <subfield code="2">rdamedia</subfield>
    </datafield>
    <datafield tag="338" ind1=" " ind2=" ">
      <subfield code="a">sheet</subfield>
      <subfield code="b">nb</subfield>
      <subfield code="2">rdacarrier</subfield>
    </datafield>
    <datafield tag="500" ind1=" " ind2=" ">
      <subfield code="a">Legenda.</subfield>
    </datafield>
    <datafield tag="562" ind1=" " ind2=" ">
      <subfield code="a">Met buiten het kader een aantekening in manuscript: "Den Heer Schout Bijnagt Lijnslaager"</subfield>
      <subfield code="5">NL-UtRU</subfield>
    </datafield>
    <datafield tag="651" ind1=" " ind2="7">
      <subfield code="a">Atlantische Oceaan.</subfield>
      <subfield code="0">(NL-LeOCL)078439892.</subfield>
      <subfield code="2">gtt</subfield>
    </datafield>
    <datafield tag="655" ind1=" " ind2="7">
      <subfield code="a">Kaarten (vorm)</subfield>
      <subfield code="0">(NL-LeOCL)088143554.</subfield>
      <subfield code="2">gtt</subfield>
    </datafield>
    <datafield tag="700" ind1="1" ind2=" ">
      <subfield code="a">Dheulland, Guillaume,</subfield>
      <subfield code="d">1700-1770.</subfield>
    </datafield>
    <datafield tag="758" ind1=" " ind2=" ">
      <subfield code="a">Carte réduite de l'Océan-Occidental comprenant les costes d'Europe et d'Afrique depuis le 51 degré de latitude nord jusqu'à l'équateur et les costes d'Amérique opposées (CartographicMaterial)</subfield>
      <subfield code="1">https://id.oclc.org/worldcat/entity/E39PCYKGvFcPrWB9xmwXBgHrxC</subfield>
      <subfield code="4">https://id.oclc.org/worldcat/ontology/hasWork</subfield>
    </datafield>
  </record>